000 00375nam a2200145Ia 4500
005 20250411041911.0
008 240331s9999 xx 000 0 und d
082 _bPOR
_a9558123005
245 0 _aPoronawa
260 _aRajagiriya
_bDamika De silva Publication
_c1998
300 _a121 p .,
500 _a New Writing by Indian Women
700 _aJahan,R. ed
_eedt
942 _cL
999 _c5373
_d5373